| 000 | 01281nam a2200217Ia 4500 | ||
|---|---|---|---|
| 999 |
_c37963 _d37963 |
||
| 001 | 3945 | ||
| 003 | GE_BSU | ||
| 005 | 20190911171915.0 | ||
| 008 | 181216s1993||||ge |||||||||||||| ||ge || | ||
| 040 | _cGE_BSU | ||
| 080 | _a323.1(7/8) შ–20 | ||
| 100 |
_aშამილაძე, ვახტანგ _91457 |
||
| 245 |
_aეროვნული პოლიტიკის ისტორიიდან ამერიკის შეერთებულ შტატებში / _cრედ. ლ. ალექსიძე. |
||
| 264 |
_aთბ. : _bთბილ. უნ-ტის გამ-ბა, _c1993. |
||
| 300 |
_a61 გვ. ; _b20 სმ. |
||
| 520 | _a ნაშრომში განხილულია აშშ - ის ეროვნული პოლიტიკის ისტორიის საკითხები, ნაჩვენებია მიგრაციის თავისებურებანი | ||
| 653 | _aამერიკის შეერთებული შტატების საშინაო პოლიტიკა | ||
| 653 | _aეროვნული საკითხი აშშ-ში | ||
| 700 |
_aალექსიძე, ლ. _eრედაქტორი _93938 |
||
| 942 |
_cBK _2udc |
||